[Event "Bundesliga 0405"]
[Site "Germany"]
[Date "2005.03.14"]
[Round "13.1"]
[White "Savchenko, Stanislav"]
[Black "McShane, Luke J"]
[Result "0-1"]
[WhiteElo "2497"]
[BlackElo "2629"]
[Annotator "Krasenkow,M"]
[PlyCount "75"]
[EventDate "2004.11.12"]
[EventType "team-tourn"]
[EventRounds "15"]
[EventCountry "GER"]
[SourceTitle "CBM 106"]
[Source "ChessBase"]
[SourceDate "2005.06.06"]
[SourceVersion "1"]
[SourceVersionDate "2005.06.06"]
[SourceQuality "1"]
[WhiteTeam "Hofheim"]
[BlackTeam "Werder Bremen"]
[WhiteTeamCountry "GER"]
[BlackTeamCountry "GER"]

1. Nf3 Nf6 2. c4 g6 3. Nc3 d5 4. cxd5 Nxd5 5. Qb3 Nb6 6. d4 Bg7 {This rare
line was examined in several CBM issues, most recently in CBM89 
(Nogueiras-Herrera, annotations by GM E.Postny) and CBM98 
(Pelletier-Mamedyarov, annotations by GM L.Ftacnik).} 7. Bg5 Be6 8. Qc2 Nc6 9.
Rd1 {White has protected the d4 pawn but Black has other objects of
counterplay.} h6 10. Bh4 (10. Bf4 {is another option.}) 10... Nb4 11. Qb1 O-O (
11... N6d5 {is also possible, e.g.} 12. e3 O-O 13. Be2 c5 14. O-O Qa5 15. Nxd5
Nxd5 16. dxc5 Qxc5 17. Nd4 Bc8 18. Nb3 Qb4 19. Bg3 Bf5 20. Bd3 Bxd3 21. Qxd3
Nb6 $11 {1-0 Salo,H-Meskanen,V/Jyvaskyla 1992/EXT 2000 (31)}) 12. e3 Bf5 $1 {
A typical positional trick: Black provokes e3-e4 to weaken the d4 pawn and
therefore activate his g7 bishop.} (12... Qd7 13. Be2 N4d5 14. O-O Nxc3 15.
bxc3 Nd5 16. Qc1 Bf5 17. c4 Nf6 18. Ne5 Qa4 19. f3 c5 20. e4 Bc8 21. d5 Qxa2 {
1/2-1/2 Gulko,B-Tseitlin,M/Beersheba 1993/CBM 038}) 13. e4 Bg4 14. d5 Bxf3 {
Black takes a simple course.} (14... f5 $5 {is more aggressive and quite
appropriate:} 15. a3 g5 $1 (15... fxe4 $2 16. Qxe4 Bxf3 17. gxf3 g5 18. axb4
gxh4 19. Rg1 Qd6 20. Bd3 Rf7 21. Rg6 Rf6 22. Rg4 {1-0 Sadler,M-Gurevich,I/
Hastings 1992/ (30)}) 16. Bg3 (16. axb4 $6 gxh4 17. Be2 $2 (17. h3 $142) 17...
Qd6 $1 18. Nd4 Qxb4 $1 19. Bxg4 fxg4 20. Ne6 Bxc3+ 21. bxc3 Qxc3+ 22. Ke2 Rf6
23. h3 c6 $1 {0-1 Pelletier,Y-Mamedyarov,S/Plovdiv 2003/CBM 098/[Ftacnik](26)})
(16. Bxg5 hxg5 17. axb4 Qd6 18. Be2 Qxb4 $36) 16... f4 $1 17. axb4 fxg3 18.
hxg3 Rxf3 19. gxf3 Bxf3 20. Rh2 Bxd1 (20... Nd7 $5 21. Be2 Ne5 22. Qc2 Qd6 23.
Kf1 Rf8 24. Nb5 Qf6 $44 {0-1 Furman,S-Savon,V/USSR/1970/ (47)} (24... Qb6 $5))
21. Qxd1 Qd6 (21... a5 22. bxa5 Rxa5 23. Bh3 Nc4 24. Be6+ Kh8 25. Qh5 Qf8 26.
Qxg5 Nxb2 27. Ke2 Qf6 {1/2-1/2 Tisdall,J-Jansa,V/Aarhus/1983 (35)}) 22. Bh3 Rf8
23. Be6+ Kh8 24. Qh5 Qe5 25. Qg6 Qf6 26. Qxf6 Rxf6 27. e5 Rf8 28. Ne4 Nc4 29.
Nxg5 Nxe5 {1/2-1/2 Herraiz Hidalgo,H-Fernandez Garcia,J/Burgos 2003/ (43)}) 15.
gxf3 Qd7 16. a3 Na6 {As usually in such positions, Black doesn't care about
the doubling of his a-pawns.} 17. Qc2 $6 {This slow move is quite dubious in
such a tense position.} (17. Bg3 c6 18. d6 Rfd8 19. Be2 e5 20. f4 exf4 21. Bxf4
Qe6 22. O-O g5 23. Bg3 Nc5 24. b4 Ncd7 $13 {1/2-1/2 Pelletier,Y-Sutovsky,E/
Pamplona 2003/CBM 099 (45)}) 17... Rfe8 18. Bg3 c6 19. d6 (19. Bxa6 $142 bxa6
20. O-O $13) 19... Nc5 $1 {[%cal Yc5e6,Ye6d4] Tactics helps Black, as it often
happens in the Gruenfeld.} 20. dxe7 Qxe7 21. Bd6 Bxc3+ $1 22. bxc3 (22. Qxc3 $4
Nxe4) 22... Qf6 $1 23. Bxc5 $2 {White accepts the "piece sacrifice" and ends
up with material losses.} ({After} 23. Be2 Ne6 $17 {the black knights (not
exchanged in-time - see annot to move 19) are stronger than the white bishops,
too.}) 23... Qxf3 24. Rg1 Rxe4+ 25. Be2 Rxe2+ 26. Qxe2 Qxc3+ 27. Qd2 Qxc5 {
Three pawns for the exchange are quite enough to win; however, it's not the
end of the story!} 28. Rg3 Qh5 29. Qe2 Qh4 $6 {A wrong evaluation! With the
queens on the board White can create counterthreats against the black king.} (
29... Qxh2 $2 30. Rxg6+ $1 fxg6 31. Qe6+ $11) (29... Qxe2+ 30. Kxe2 Nd5 {
was good enough.}) 30. Rd6 Qf4 (30... Nd5 {was essential but not quite clear
anymore after} 31. Qe5 $132) 31. Qd3 {[%cal Rd6g6]} Qc1+ (31... Kf8 $5) 32. Ke2
Re8+ $6 (32... Qc4 $1 {was still possible.}) 33. Kf3 Qh1+ 34. Rg2 Kf8 {Black
fails to find the right defense. Both players certainly were under severe time
pressure.} (34... Rf8 $1 {[%cal Yb6d5]}) 35. Qd4 Kg8 36. Qd3 Kh8 $2 {This
leads to a dangerous situation for Black.} (36... Rf8 $1) 37. Qd4+ $2 (37. Qc3+
$1 {was correct, securing a draw and setting a nice trap:} Kh7 $2 (37... Kg8 $8
38. Qc2 Kf8 $1 $11 {is the only way for Black to keep the balance after his
careless 36th move!}) 38. Qc2 $1 {and Black has no defense against the 39.Rxg6
threat:} Kh8 (38... Rg8 39. Rd1) 39. Rd1 Re1 40. Qc3+ $18) 37... Kh7 38. Rf6 {
White lost on time here. After the mistake on the previous move his position
is again poor, e.g. 38...Re7/\39.Qd3 Nd7!-+} (38. Qd3 $142 Rf8 $1 (38... Rg8))
0-1

[Event "Gibraltar Masters 14th"]
[Site "Caleta"]
[Date "2016.01.28"]
[Round "3"]
[White "Tari, Aryan"]
[Black "Vachier Lagrave, Maxime"]
[Result "0-1"]
[WhiteElo "2556"]
[BlackElo "2785"]
[Annotator "Krasenkow,M"]
[PlyCount "74"]
[EventDate "2016.01.26"]
[EventType "swiss"]
[EventRounds "10"]
[EventCountry "GGB"]
[SourceTitle "CBM 171"]
[Source "ChessBase"]
[SourceDate "2016.03.14"]
[SourceVersion "2"]
[SourceVersionDate "2016.03.14"]
[SourceQuality "1"]

1. d4 Nf6 2. c4 g6 3. Nc3 d5 4. Nf3 Bg7 5. cxd5 Nxd5 6. Na4 Bf5 7. Nh4 (7. Nc5
$143 b6 8. e4 bxc5 9. exf5 cxd4 10. Nxd4 {1/2 (30) Hammes,M (2377)-Dunsbach,R 
(2320) Altenkirchen 2001} Qd6 11. Nf3 Nc6 $36) 7... Bd7 (7... Bc8 {is an
alternative. Black equalised in the following game:} 8. e4 Nf6 9. Nc3 O-O 10.
Be2 c5 11. d5 e6 12. Nf3 exd5 13. exd5 Bf5 14. O-O Ne4 15. Qb3 Qb6 16. Na4 Qxb3
17. axb3 Nd7 18. Nh4 Rfe8 19. Nxf5 gxf5 20. Bb5 Rad8 $11 {0-1 (49) Narciso
Dublan,M (2530)-Ivanchuk,V (2748) Barcelona 2005}) 8. e4 ({Black has no
problems after} 8. Nc5 e5 $1 9. Nf3 Qe7 10. Nxd7 Nxd7 11. dxe5 c6 {[%cal Rd7e5]
} ({but not} 11... Nxe5 $2 12. Qxd5 Rd8 13. Qe4 f5 14. Qe3 Qb4+ 15. Bd2 Qxb2
16. Bc3 $18 {1-0 (19) Narciso Dublan,M (2552)-Picard,R (2309) Barcelona 2007}))
(8. Nf3 Nb6 $5 9. Nc5 $140 Bc6) 8... e5 $146 {[%mdl 4] This new move is more
accurate than the immediate knight retreats although the following game
quickly ended in a draw:} (8... Nb6 9. Nc5 e5 10. Nf3 exd4 11. Bg5 f6 12. Qxd4
{1/2 (12) Demin,V (2439)-Uzhva,A (2288) Belgorod 2009}) 9. Nf3 Qe7 ({Even} 9...
exd4 $5 10. exd5 O-O {is possible, e.g.} 11. Be2 Qe7 12. Nxd4 Qb4+ 13. Nc3 Bxd4
$13) 10. Nxe5 (10. exd5 exd4+ 11. Be2 O-O {leads to the above-mentioned line} (
11... Qb4+ {is possible, too, e.g.} 12. Bd2 Qxa4 13. Qxa4 Bxa4 14. Rc1 c6 15.
b3 Bb5 16. Bxb5 cxb5 17. Rc7 b6 18. Bb4 Na6 19. Re7+ Kd8 20. Rxf7 Re8+ 21. Kd1
Nxb4 22. Rxg7 Re7 23. Rg8+ Re8 $11)) 10... Qb4+ (10... Bxe5 $5 11. exd5 ({
In the event of} 11. dxe5 Qb4+ 12. Nc3 Nxc3 13. bxc3 Qxc3+ 14. Bd2 Qxe5 15. Bd3
O-O 16. O-O c5 {[%cal Yb8c6,Yc6d4] White does not have sufficient compensation
for the pawn}) 11... Bxd4+ 12. Be2 $11) 11. Nc3 Nxc3 12. Qd2 Nxa2 13. Rxa2
Qxd2+ 14. Bxd2 Be6 15. Ra1 O-O {The result of the complications is a roughly
equal but complicated queenless middlegame. One of the world's top players
manages it better than his young opponent.} 16. Bc3 Re8 17. Bb5 c6 18. Bd3 Rd8
19. Ke2 Nd7 20. Nxd7 $6 (20. Bc4 $5 Nxe5 21. Bxe6 fxe6 22. dxe5 $13) 20... Rxd7
21. e5 Bd5 $15 {[%csl Gd5]} 22. Rhg1 f6 (22... Bf8 $5 {[%cal Yc6c5]}) 23. f4 c5
24. dxc5 (24. exf6 Bxf6 25. dxc5 Bxc3 26. bxc3 Bc6 $15) 24... fxe5 25. fxe5 ({
White should not lose after} 25. f5 e4 26. Bb5 Rc7 27. Rgd1 $1 Bxc3 28. Rxd5
Bxb2 29. Ra4) 25... Bxe5 $1 26. Bb5 $2 {A waste of a tempo.} (26. Bxe5 Re8 27.
Rge1 Rxe5+ 28. Kf2 {is still close to a draw, e.g.} Rxe1 29. Kxe1 $1 Bxg2 30.
Bc4+ Kg7 31. Rxa7) 26... Re7 27. Bxe5 Rxe5+ 28. Kd3 Rd8 29. Kc3 Re3+ 30. Kd2 $2
(30. Kc2 Bb3+ 31. Kb1 {was White's last chance to stay in the game although
after} a6 32. Ba4 Bd5 {his position remained difficult. After the text move
Black obtains a perfect arrangement of his pieces and starts collecting
material.}) 30... Rb3 31. Ba4 Rb4 32. b3 a5 33. Kc3 Rc8 34. Kb2 Rxc5 35. Rgc1
Rxc1 36. Rxc1 b5 37. Rc5 Bc4 $1 {[%cal Rc4f1]} 0-1

[Event "Tashkent FIDE GP 2nd"]
[Site "Tashkent"]
[Date "2012.11.23"]
[Round "2"]
[White "Wang, Hao"]
[Black "Dominguez Perez, Leinier"]
[Result "1/2-1/2"]
[WhiteElo "2737"]
[BlackElo "2726"]
[Annotator "Krasenkow,M"]
[PlyCount "75"]
[EventDate "2012.11.22"]
[EventType "tourn"]
[EventRounds "11"]
[EventCountry "UZB"]
[EventCategory "20"]
[SourceTitle "CBM 152"]
[Source "ChessBase"]
[SourceDate "2013.01.15"]
[SourceVersion "1"]
[SourceVersionDate "2013.01.15"]
[SourceQuality "1"]

1. d4 Nf6 2. c4 g6 3. Nc3 d5 4. Nf3 Bg7 5. Qa4+ Bd7 6. Qb3 dxc4 7. Qxc4 O-O 8.
Bf4 c6 {A simple reply to White's system of development, instead of the main
theoretical move} (8... Na6) 9. e4 b5 (9... Be6 10. Qd3 b5 $5 (10... Na6 11.
Be2 Qb6 12. O-O Rad8 13. h3 Nh5 14. Be3 $14 {1-0 Petrosian,T-Kasparian,G/
Tbilisi 1945/EXT 1999 (46)}) 11. Be2 Bc4 12. Qc2 Bxe2 13. Nxe2 Qb6 14. O-O Nbd7
15. Rac1 Rac8 16. Be3 $14 {0-1 Petkov,V (2520)-Bogosavljevic,B (2491)/Vrnjacka
Banja 2007/EXT 2012 (62)}) ({Bishop moves lead to positions which can also
arise from the Russian System (5.Qb3):} 9... Bg4 10. Be2 Nfd7 11. Rd1 Qb6 (
11... Nb6 12. Qd3 Bxf3 13. Qxf3 Bxd4 14. h4 $36) (11... Bxf3 12. Bxf3 e5 13.
dxe5 Bxe5 14. Bxe5 Nxe5 15. Rxd8 Nxc4 16. Rxf8+ Kxf8 17. Be2 Nb6 18. Kd2 N8d7
19. f4 f6 20. Rd1 Ke7 21. Ke3 $14 {1-0 Dydyshko,V (2485)-Dorfman,J (2520)/
Minsk 1986/EXT 1997 (58)}) 12. Bc1 (12. O-O Bxf3 13. Bxf3 e5 14. Be3 exd4 15.
Bxd4 Ne5 $11 {1/2 Gheorghiu,F-Hort,V/Skopje 1968/MCD (21)}) 12... Qa5 (12... e5
13. d5 Nf6 14. O-O $14) 13. b4 Qc7 14. O-O Nb6 15. Qb3 Be6 16. Qb1 Bc4 17. Bxc4
Nxc4 18. a4 $14 {1/2 Romanov,E (2616)-Timofeev,A (2600)/Khanty-Mansiysk RUS
2012/The Week in Chess 942 (45)}) (9... Qb6 $5 {needs further tests:} 10. Rb1
Be6 11. Qa4 c5 12. d5 Bd7 13. Qd1 e6 14. Bc4 exd5 15. Bxd5 Bb5 16. Qb3 Ba6 17.
Bc4 Nc6 $11 {1-0 Halkias,S (2570)-Aabling Thomsen,J (2331)/Helsingor DEN 2012/
The Week in Chess 926 (59)}) (9... Qa5 $1 {is quite satisfactory for Black:}
10. b4 (10. Bd2 b5 11. Qd3 b4 12. Nd1 c5 13. d5 e6 14. Ne3 exd5 15. exd5 Re8
16. Be2 Ng4 $36 {0-1 Rasmussen,A (2541)-Sutovsky,E (2696)/Porto Carras 2011/
EXT 2012 (36)}) 10... Qd8 11. a4 (11. Be2 a5 12. bxa5 Qxa5 13. O-O b5 14. Qd3
b4 15. Nb1 c5 $36 {0-1 Gonzalez,B (2413)-Swiercz,D (2594)/Istanbul 2012/CBM
151 (61)}) 11... Bg4 $1 (11... Be6 $143 12. Qd3 Na6 13. Rb1 Nh5 14. Be3 f5 15.
Ng5 fxe4 16. Qd2 Bd5 17. Nxd5 Qxd5 18. Qc2 Kh8 19. Bc4 Qf5 20. h3 Nf4 21. Bxf4
Qxf4 22. Ne6 $16 {1/2 Sokolov,I (2655)-Howell,D (2614)/London 2009/CBM 132 (57)
}) 12. Be2 Nfd7 13. Rd1 Bxf3 {1/2 Krasenkow,M (2661)-Gelfand,B (2692)/Lvov
2000/CBM 077}) 10. Qd3 (10. Qb3 Qa5 $1 (10... Be6 11. Qc2 Qa5 12. Bd2 b4 13.
Nd1 Qb6 14. Ne3 b3 15. axb3 Bxb3 16. Qb1 $14 {0-1 Sokolov,I (2706)-McShane,L 
(2651)/France 2004/EXT 2005 (84)}) 11. e5 $5 (11. Bd2 b4 $1 12. Na4 Nxe4 13.
Bxb4 Qc7 14. Bd3 (14. Be2 Be6 15. Qc2 Bd5 16. O-O a5 17. Ba3 Na6 $11 {1/2
Milanovic,D (2516)-Sarenac,I (2327)/Obrenovac SRB 2011/The Week in Chess 891 
(60)}) 14... Be6 15. Qc2 (15. Qd1 Bd5 16. O-O c5 $1 17. Nxc5 Nxc5 18. Bxc5 Nc6
19. Re1 Bxf3 20. Qxf3 Nxd4 $11 {1/2 Sokolov,I (2690)-Svidler,P (2733)/Baden
Baden 2004/CBM 143/[Avrukh,B] (25)}) 15... Nd6 16. O-O Bd5 17. Ne5 Nd7 18. Nc3
Qb7 $11 {1/2 Esen,B (2455)-Atakisi,U (2392)/Ankara 2007/CBM 118 ext (52)})
11... Be6 12. Qc2 Nd5 13. Bd2 Nb4 (13... Nxc3 14. Bd3 Na6 15. O-O Ne2+ 16. Bxe2
Qb6 17. a4 $14 {1-0 Jankovic,A (2553)-Nedilko,V (2392)/Plovdiv 2012/CBM 148/
[Let's Check Training] (29)}) 14. Qc1 Qb6 15. a3 Nd5 16. h4 h5 17. Ne4 Nd7 18.
Be2 Bf5 19. Nc3 Nxc3 20. bxc3 c5 $11 {1-0 Jankovic,A (2564)-Sarkar,J (2411)/
Philadelphia USA 2012/The Week in Chess 921 (46)}) 10... Qa5 (10... Qb6 11. Rc1
Be6 12. Be2 Bc4 13. Qc2 Bxe2 14. Qxe2 a5 15. O-O $14 {1-0 Turov,M (2645)-Schut,
L (2290)/Wijk aan Zee 2012/CBM 147 (67)}) 11. Be2 (11. Nd2 Be6 12. Be2 b4 13.
Nd1 Rd8 14. Be3 Nbd7 $13 {1/2 Horvath,C (2558)-Dragojlovic,A (2432)/Val
Thorens 2007/EXT 2010 (32)}) 11... c5 ({After} 11... b4 12. Nd1 {we see the
drawback of the position of Black's bishop on d7: it can't go directly to a6.
But the text move underlines its merit: the b5 pawn is protected.}) 12. O-O b4
(12... c4 $6 13. Qc2 b4 14. Nd1) 13. Nd1 $146 {[%mdl 8]} (13. Nd5 $5 Nxd5 14.
exd5 Bf5 $6 (14... cxd4 15. Nxd4 Qxd5 16. Rfd1 $44 {[%cal Ge2f3] B.Avrukh}) 15.
Qe3 (15. Qd2 Nd7 16. Ne5 $14 {B.Avrukh}) 15... Nd7 16. Rfd1 Rac8 17. Ne5 cxd4
18. Rxd4 Nxe5 19. Bxe5 Bxe5 20. Qxe5 Rfe8 21. Qe3 Qb6 22. Rad1 a5 $11 {0-1
Cori Tello,D (2361)-Liascovich,L (2454)/Buenos Aires 2009/CBM 132 Extra (37)})
13... cxd4 14. Nxd4 Rd8 ({In the event of} 14... Nc6 {White retains some
pressure:} 15. Nb3 Qb6 16. Ne3 (16. Be3 $143 Qc7 17. Rc1 Rfd8 {[%csl Rd1]})
16... Rfd8 17. Nc4 $14 {[%csl Gc4]}) 15. Ne3 $6 {White had a good chance to
stop Black's development:} (15. Rc1 $1 {Black probably had an only defence:}
Qxa2 $1 (15... e5 16. Nb3 Bb5 17. Nxa5 Bxd3 18. Bxd3 exf4 19. e5 $1 Rxd3 20.
Rc8+ $16) 16. Bc7 $1 Rc8 17. Ne3 Qxb2 $1 18. e5 Ne8 19. Nc4 Qxc1 20. Rxc1 Rxc7
21. Bf3 Nc6 22. e6 $1 fxe6 23. Bxc6 Bxc6 24. Nxe6 Rd7 25. Qh3 Bf6 {, and he
should hold on.}) 15... Ba4 $6 (15... Nh5 $1 16. Bxh5 Qxh5 {, and now White
must fight for equality.}) 16. Nb3 Bxb3 17. axb3 Rxd3 18. Rxa5 Nc6 19. Ra6 Rd2
20. Bc4 Nd4 (20... e5 $142 21. Bg3 Nd4) 21. Nf5 Ne2+ 22. Bxe2 Rxe2 23. Nxe7+
Kh8 24. f3 Nh5 25. Bd6 Rxb2 26. g4 Bd4+ 27. Kh1 Ng7 28. Nc6 Bc3 29. Rfa1 (29.
Nxb4 Bxb4 30. Bxb4 Rxb3 31. Bd6 Ne6 32. Kg2 {was the only way to keep tension
in the position. After the text move a draw is inevitable.}) 29... Rxb3 30.
Rxa7 Rxa7 31. Rxa7 Ne6 $1 32. Rxf7 Rb1+ 33. Kg2 b3 34. Rb7 b2 35. Rb8+ Kg7 36.
Rb7+ Kh8 (36... Kh6 $2 37. f4 Rd1 38. Ne7 {is too dangerous for Black.}) 37.
Rb8+ Kg7 38. Rb7+ 1/2-1/2

[Event "Gashimov Memorial 5th"]
[Site "Shamkir"]
[Date "2018.04.27"]
[Round "8"]
[White "Mamedyarov, Shakhriyar"]
[Black "Navara, David"]
[Result "1-0"]
[WhiteElo "2814"]
[BlackElo "2745"]
[Annotator "Krasenkow,M"]
[PlyCount "83"]
[EventDate "2018.04.19"]
[EventType "tourn"]
[EventRounds "9"]
[EventCountry "AZE"]
[EventCategory "21"]
[SourceTitle "CBM 184"]
[Source "ChessBase"]
[SourceDate "2018.05.16"]
[SourceVersion "1"]
[SourceVersionDate "2018.05.16"]
[SourceQuality "1"]

1. d4 Nf6 2. c4 g6 3. Nc3 d5 4. Nf3 Bg7 5. h4 dxc4 6. e4 c5 7. d5 b5 8. h5 O-O
9. hxg6 fxg6 10. d6 $6 $146 {A dubious novelty in one of the main theoretical
lines of the new 5.h4 system.} (10. Nxb5 {is good for Black, too:} Qa5+ 11. Nc3
Nxe4 12. Bd2 Nxc3 13. bxc3 Bxc3 (13... Nd7 $5 14. Bxc4 $140 Nb6 $132) 14. Bxc4
Ba6 15. Qe2 Bxc4 $2 (15... Rf7 $13) 16. Qe6+ Rf7 17. Rxh7 Bxd2+ 18. Nxd2 Kxh7
19. Qxf7+ Kh8 20. Qf8+ Kh7 21. Qxe7+ Kg8 22. Qe8+ Kg7 23. Rb1 $18 {1-0 (35) Li
Chao2 (2732)-Xiong,J (2634) chess.com INT 2018}) (10. e5 Ng4 11. d6 {is the
main continuation leading to a crazy position. Here are some practical
examples although, of course, it's beyond human abilities to play this
position without errors:} e6 $1 (11... Bb7 12. Bg5 Nc6 13. dxe7 Qxd1+ 14. Rxd1
Rf5 15. Nxb5 $18 {1-0 (43) Gareyev,T (2674)-Robson,R (2620) Saint Louis 2013})
12. Rxh7 $1 {A nice sacrifice, which Black is not obliged to accept, though.}
Rf5 $1 (12... Kxh7 $6 13. Ng5+ Kg8 14. Qxg4 Rf5 15. Be3 (15. f4 Rxg5 16. Qxg5
Qxg5 17. fxg5 Bxe5 18. Nxb5 {1/2 (40) Ftacnik,L (2558)-Danin,A (2564) Czechia
2014} Nc6 19. Bxc4 Rb8 $13) (15. Qh4 $5) 15... Nc6 16. Qh4 Nxe5 17. O-O-O Bd7
18. Nce4 Qa5 19. Qh7+ Kf8 20. Nxc5 Rxg5 21. Bxg5 Qxa2 22. Rd4 $18 {1-0 (31)
Vitiugov,N (2719)-Ragger,M (2680) Tromsoe 2013}) (12... Nc6 13. Rxg7+ Kxg7 14.
Bg5 Qd7 (14... Qa5 15. d7 Bb7 16. Qd6 b4 17. Ne4 b3+ {1/2 (56) Pashikian,A 
(2603)-Kantans,T (2473) Minsk 2017} 18. Bd2 $1 Qxa2 19. Rd1 $18 {->}) (14...
Qb6 15. d7 Bb7 16. Qd2 Nd4 17. O-O-O a6 18. Nxd4 cxd4 19. Qxd4 Qxd4 20. Rxd4
Nxe5 21. d8=Q Raxd8 22. Rxd8 Rxf2 23. Be2 $16 {1-0 (37) Costachi,M (2425)
-Kantans,T (2524) Antalya 2017}) 15. Ne4 Ncxe5 16. Nxe5 Nxe5 17. Nxc5 Qc6 18.
Qd4 Rf5 19. Be3 Kg8 20. O-O-O $16 {-> 1/2 (39) Morozevich,A (2739)-Ponomariov,
R (2756) Riga 2013}) 13. Rh3 Nc6 $1 (13... Bb7 14. Nxb5 Qa5+ 15. Nc3 Nxe5 16.
Nxe5 Rxe5+ 17. Be3 Nd7 18. Rg3 Be4 19. Bxc4 $16 {1-0 (32) Vidit,S (2686)-Bok,B
(2594) Douglas 2016}) 14. Nxb5 (14. Ne4 Ngxe5 (14... Bb7 $5) 15. Nfg5 Nd4 16.
g4 Rf8 17. f4 Nf7 18. Qd2 Nxg5 19. Nxg5 Qxd6 20. Qh2 Qe7 21. Be3 e5 22. Bg2 {
1-0 (28) Zhou,W (2646)-Li,C (2748) Zaozhuang 2015} Rd8 23. Bxa8 Bxg4 $13) 14...
Ngxe5 15. Nxe5 Rxe5+ 16. Be3 Nd4 17. Bxc4 Nxb5 18. Qd3 Nd4 19. Qxg6 Qf6 20.
Qe8+ Qf8 21. Qg6 Qf6 22. Qe8+ Qf8 23. Qg6 Qf6 {1/2 (23) Georgiadis,N (2473)
-Ragger,M (2700) Austria 2017}) 10... exd6 11. Nxb5 (11. a4 $5) 11... d5 $1 {
[%mdl 128] Black makes use of the fact that this pawn can't be taken and
creates an attack in the centre.} 12. Nc3 (12. exd5 $4 Qe8+) 12... Re8 13. Be3
d4 $2 {[%mdl 16384] But now David Navara neglects development and lets his
initiative slip.} (13... Nc6 $142 $1 14. exd5 (14. Nxd5 Nxe4 15. Bxc4 Be6)
14... Nd4 $17 {[%csl Re1]}) 14. e5 (14. Bxc4+ $5 Be6 (14... Kh8 $2 15. Ng5) (
14... Kf8 15. e5) 15. Bxe6+ Rxe6 16. Ng5 $36) 14... Ba6 $6 {Of course, it was
impossible to calculate everything over the board. Black's choice is not
optimal.} (14... dxe3 $142 {, e.g.} 15. Bxc4+ Kh8 16. Qxd8 Rxd8 17. exf6 (17.
Ng5 Rd7) 17... Bxf6 18. Ne4 exf2+ 19. Kxf2 Bd4+ {and Black holds on.}) 15. Qa4
Qd7 16. Bxc4+ Bxc4 17. Qxc4+ Qe6 18. Qxe6+ Rxe6 19. exf6 Bxf6 20. Nd5 Bd8 21.
O-O-O dxe3 22. Nxe3 $16 {The position has calmed down. As a result of
complications, White has got a better endgame, due to the weakness of Black's
c5 pawn.} Nc6 23. Rd7 Be7 $2 {[%mdl 8192] A blunder losing a pawn.} (23... Re7
$142 {but after} 24. Rhd1 {Black's position is very difficult.}) 24. Rxh7 $1
Rb8 (24... Kxh7 25. Ng5+) (24... Rxe3 25. fxe3 Kxh7 26. Rc7 $18) 25. Rc7 $6 {
Starting from now, White plays inaccurately.} (25. Nd5 $142 $1 $18) 25... Bf6
26. Rb7 Nb4 27. Rxb8+ Kxh7 28. Rb7+ Kg8 29. Rxa7 Nd3+ 30. Kb1 (30. Kc2 $1 Nxf2
31. Nd5 Re2+ 32. Kb3 Bxb2 33. a4) 30... Bxb2 31. a4 Bd4 32. Kc2 Nb4+ (32...
Nxf2 33. Nc4 $16) 33. Kd2 Bxe3+ 34. fxe3 Nd5 35. a5 c4 $2 {This pawn is going
nowhere.} (35... Nxe3 $142 {keeping some drawing chances.}) 36. Rd7 $1 {
Ousting Black's knight from the central square.} Nf6 (36... Nxe3 37. Nd4 Nf1+ (
37... Re8 38. a6) 38. Kc3 Ra6 39. Kb4 $18) (36... c3+ 37. Kc2 Nxe3+ 38. Kxc3
Nxg2 39. Nd4 {and Black's knight can't come back to the queenside to give
itself up for White's a-pawn.}) 37. Rd8+ Kg7 38. Kc3 Rc6 (38... Ra6 39. Kb4) (
38... Rxe3+ 39. Kxc4 {etc.}) 39. Ne5 Ne4+ 40. Kd4 c3 41. Kxe4 Rc4+ 42. Kf3 (42.
Kf3 c2 43. Nd3 $18) 1-0